| 000 | 00702nam a2200229 i 4500 | ||
|---|---|---|---|
| 001 | 8563 | ||
| 003 | ES-MaACL | ||
| 005 | 20250303062539.0 | ||
| 008 | 920715s1991 sp |||| | spa d | ||
| 020 | _a84-376-1010-9 | ||
| 080 | _a86-311.1"18/19" | ||
| 100 | 1 |
_aPardo Bazán, Emilia, _cCondesa de, _d1851-1921 _9176434 |
|
| 245 | 1 | 3 |
_aLa quimera / _cEmilia Pardo Bazán ; edición de Marina Mayoral. |
| 260 |
_aMadrid : _bCátedra, _cD.L. 1991. |
||
| 300 |
_a583 p. : _bretr. autora ; _c18 cm. |
||
| 490 | 1 |
_aLetras hispánicas ; _v336 |
|
| 700 | 1 |
_aMayoral, Marina. _979422 |
|
| 830 | 0 | 0 |
_aLetras hispánicas ; _v336 _9235703 |
| 852 |
_aES-MaACL _jL-15986 |
||
| 942 | _2udc | ||
| 999 |
_c8563 _d8563 |
||